Normale Ansicht MARC-Ansicht ISBD

Encyclopedia of the Cold War (Titelsatznr. 4171)

[ MARC ]
MARC-Details
000 -Satzkennung
Kontrollfeld mit fester Länge 00376nam a22001571c 4500
001 - Kontrollnummer
Kontrollfeld a987682007
008 - Feld mit fester Länge zur physischen Beschreibung - Allgemeine Angaben
Kontrollfeld mit fester Länge 051003s1994 gw |||| 000u eng d
041 ## - Sprachcode
Sprachcode des Textes/der Tonspur oder des separaten Titels eng
040 ## - Katalogisierungsquelle
Übertragungsstelle RU-10907106
003 - Kontrollnummer Identifier
Kontrollfeld RU-10907106
100 1# - Haupteintragung - Personenname
Personenname Arms, Thomas S.
245 00 - Titel
Titel Encyclopedia of the Cold War
264 ## - Produktion, Veröffentlichung, Distribution, Herstellung und Urheberrechtsvermerk
Herstellungs-, Veröffentlichungs- Vertriebs-, Erzeugungsort New York :
Produzent, Herausgeber, Distributor, Hersteller Facts on File,
Datum der Herstellung, der Veröffentlichung, des Vertriebs oder des Urheberschutzvermerks 1994
300 ## - Physische Beschreibung
Umfang 628 S. Leinen
942 ## - Zusätzliche Felder (Koha)
Koha-Medientyp Monographien
Exemplare
Ausgeschieden Verloren Klassifikation oder Aufstellungssystematik Beschädigt Nicht entleihbar Heimatbibliothek Aufenthaltsbibliothek Aufstellungsort Erwerbungsdatum Inventarnummer Signatur Barcode Letzte Aktivität Preis gültig von Koha-Medientyp
    Andere/Generische Klassifikation     MWN Osteuropa MWN Osteuropa Lesesaal - 1 03/10/2005 05-03650 X- W 65 B c Arm | W 65 B c Arm E004015079097D87 22/02/2021 22/03/2021 Monographien